As origens da Geometria (Registo nº 76312)

Detalhes MARC
000 -Etiqueta do registo
campo de controlo de comprimento fixo 00284 a2200121 4500
001 - Identificador do registo
Campo de controlo 76312
005 - Identificador da versão
Campo de controlo 20260416120047.0
010 ## - ISBN
Número (ISBN) 972-710-160-7
100 ## - Dados Gerais de Proc.
Dados gerais de processamento 20260416 pory50
200 ## - Título
Título próprio As origens da Geometria
Primeira menção de responsabilidade Michel Serres
210 ## - Publicação, Distribuição
Nome do editor, distribuidor, etc. Terramar
Data da publicação, distribuição, etc. 1997
090 ## - Números de controlo do sistema (Koha)
Número biblioitem do Koha (gerado automaticamente) 76312
942 ## - Elementos de entrada adicionados (Koha)
Tipo de item no Koha Monografias

Não há exemplares disponíveis.